|
|
|
|
| LEADER |
00000nam0a2200000 4500 |
| 001 |
194407 |
| 005 |
20231031182343.0 |
| 035 |
|
|
|a (RuTPU)RU\TPU\book\212029
|
| 090 |
|
|
|a 194407
|
| 100 |
|
|
|a 20110414d1971 m y0rusy50 ca
|
| 101 |
0 |
|
|a rus
|
| 102 |
|
|
|a RU
|
| 105 |
|
|
|a a z 001zy
|
| 200 |
1 |
|
|a Флотация ионов и молекул
|f С. Ф. Кузькин, А. М. Гольман
|
| 210 |
|
|
|a Москва
|c Недра
|d 1971
|
| 215 |
|
|
|a 136 с.
|c ил.
|
| 320 |
|
|
|a Библиогр.: с. 125-133.
|
| 610 |
1 |
|
|a ионы
|
| 610 |
1 |
|
|a молекулы
|
| 610 |
1 |
|
|a флотация
|
| 610 |
1 |
|
|a физико-химические основы
|
| 610 |
1 |
|
|a аппаратура
|
| 610 |
1 |
|
|a математическое моделирование
|
| 610 |
1 |
|
|a факторы
|
| 675 |
|
|
|a 544.77.051/.052
|v 3
|
| 675 |
|
|
|a 622.765
|v 3
|
| 700 |
|
1 |
|a Кузькин
|b С. Ф.
|g Сергей Федорович
|
| 701 |
|
1 |
|a Гольман
|b А. М.
|g Александр Максович
|
| 801 |
|
1 |
|a RU
|b 63413507
|c 20110414
|
| 801 |
|
2 |
|a RU
|b 63413507
|c 20130823
|g RCR
|
| 942 |
|
|
|c BK
|